[Event "14. Off. Herner Stadtmeisterschaft 2011"]
[Site "?"]
[Date "2011.02.15"]
[Round "2.5"]
[White "Wolff, Christoph"]
[Black "Markert, Dirk"]
[Result "1/2-1/2"]
[WhiteElo "2091"]
[BlackElo "1859"]
[PlyCount "75"]
[EventDate "2011.??.??"]
[WhiteTeam "SC Buer-Hassel 1919"]
[BlackTeam "SV Kamen 1930"]

1. e4 c5 2. Nf3 d6 3. d4 cxd4 4. Nxd4 Nf6 5. Nc3 a6 6. Be3 Ng4 7. Bc1 Nf6 8.
Be2 e6 9. O-O Be7 10. a4 O-O 11. Be3 Nbd7 12. f4 Qc7 13. Bf3 Rb8 14. Qe1 Re8
15. Qg3 Nb6 16. Rad1 Bd7 17. e5 Nfd5 18. Bc1 Nxc3 19. bxc3 Nc4 20. Be4 g6 21.
f5 exf5 22. Bxf5 Bxf5 23. Nxf5 Qc5+ 24. Kh1 Qxe5 25. Nh6+ Kg7 26. Rxf7+ Kh8 27.
Qd3 b5 28. Rf5 Qe6 29. Qd4+ Ne5 30. Rf2 Rf8 31. Rdf1 Rxf2 32. Rxf2 Rf8 33.
Rxf8+ Bxf8 34. axb5 axb5 35. h3 Qc4 36. Bf4 Qxd4 37. cxd4 Nc4 38. Nf7+ 1/2-1/2

[Event "14. Off. Herner Stadtmeisterschaft 2011"]
[Site "?"]
[Date "2011.02.15"]
[Round "2.6"]
[White "Wiechen, Ulrich"]
[Black "Winterkamp, Sascha"]
[Result "1/2-1/2"]
[WhiteElo "2152"]
[BlackElo "1842"]
[PlyCount "85"]
[EventDate "2011.??.??"]
[WhiteTeam "SC Buer-Hassel 1919"]
[BlackTeam "SG Höntrop 1947"]

1. e4 c5 2. Nf3 d6 3. d4 cxd4 4. Nxd4 Nf6 5. Nc3 a6 6. g3 e5 7. Nde2 Be7 8. Bg2
O-O 9. a4 Bd7 10. Nd5 Nxd5 11. exd5 Qc8 12. h3 Bf5 13. c3 Nd7 14. Be3 Re8 15.
g4 Bg6 16. Ng3 Nc5 17. O-O Bh4 18. b4 Nd3 19. Qd2 Bxg3 20. fxg3 Qc4 21. Rad1
Rac8 22. Rf5 e4 23. Bd4 Bxf5 24. gxf5 f6 25. g4 Qb3 26. a5 Ne5 27. Bxe4 Nc4 28.
Qc2 Qxc2 29. Bxc2 Ne3 30. Rd2 Nxc2 31. Rxc2 Re4 32. Rd2 Kf7 33. Kf2 Rce8 34.
Rb2 h5 35. Kf3 hxg4+ 36. hxg4 Re1 37. b5 axb5 38. Rxb5 R8e7 39. Rb6 Rd7 40. a6
bxa6 41. Rxa6 Rf1+ 42. Kg3 Re1 43. Kf3 1/2-1/2

[Event "14. Off. Herner Stadtmeisterschaft 2011"]
[Site "?"]
[Date "2011.02.15"]
[Round "2.11"]
[White "Klinke, Werner"]
[Black "Domnik, Roland"]
[Result "1-0"]
[WhiteElo "1923"]
[BlackElo "1715"]
[PlyCount "77"]
[EventDate "2011.??.??"]
[WhiteTeam "SV Eichlinghofen 1935"]
[BlackTeam "SC Gerthe 46"]

1. d4 g6 2. e4 Bg7 3. Nf3 d6 4. Be3 Nf6 5. Nc3 O-O 6. Be2 e6 7. O-O b6 8. Nd2
Nfd7 9. f4 c5 10. Nf3 Bb7 11. Bd3 f5 12. Ng5 Qe7 13. Bc4 Kh8 14. Nxe6 Rc8 15.
Nxg7 Kxg7 16. e5 cxd4 17. Qxd4 dxe5 18. fxe5 Nc6 19. Qf4 Ndxe5 20. Rfe1 Qb4 21.
Bb3 Qxf4 22. Bxf4 Re8 23. Rad1 h6 24. Re2 g5 25. Bxe5+ Nxe5 26. Rxe5 Rxe5 27.
Rd7+ Kh8 28. Rxb7 Rae8 29. Rxa7 Re1+ 30. Kf2 Rh1 31. Nd5 Ree1 32. Bc4 Re6 33.
Rf7 f4 34. Nf6 Rxf6 35. Rxf6 Rxh2 36. Rg6 Rh4 37. Be6 Kh7 38. Bf5 Kh8 39. Kg1
1-0

[Event "14. Off. Herner Stadtmeisterschaft 2011"]
[Site "?"]
[Date "2011.02.15"]
[Round "2.14"]
[White "Odenwald, Andreas"]
[Black "Ribbeheger, Edgar"]
[Result "0-1"]
[WhiteElo "1590"]
[BlackElo "1978"]
[PlyCount "152"]
[EventDate "2011.??.??"]
[WhiteTeam "SV Waltrop 1922"]
[BlackTeam "SK Herne-Sodingen 24"]

1. Nc3 d5 2. e4 c6 3. Nf3 dxe4 4. Nxe4 Bg4 5. h3 Bxf3 6. Qxf3 e6 7. Bc4 Nd7 8.
O-O Ne5 9. Qe2 Nxc4 10. Qxc4 Nf6 11. d3 Qd5 12. Qa4 Be7 13. Nc3 Qh5 14. Be3 O-O
15. Rae1 Rad8 16. Ne2 Bd6 17. Ng3 Qg6 18. Qh4 Nd5 19. Bd2 Be7 20. Qe4 Bc5 21.
Qh4 Be7 22. Qe4 Bf6 23. Bc1 a5 24. a3 Nb6 25. Qf3 Rd5 26. Re4 Nd7 27. Qe2 Re5
28. Kh2 Rxe4 29. Nxe4 Be5+ 30. f4 Bc7 31. Kh1 Re8 32. Qf3 f5 33. Ng3 Qf7 34. d4
Nf6 35. c3 Qd7 36. Re1 a4 37. Qd3 h5 38. Qe2 h4 39. Nf1 Qf7 40. Qf3 Ne4 41. g4
hxg3 42. Nxg3 Nf6 43. Re2 Qg6 44. Rg2 Qh6 45. Rh2 Kf7 46. Kg2 Rh8 47. Kf1 Qh4
48. Ke2 Rh6 49. Kd3 Rg6 50. Ne2 Ne4 51. Rg2 Rh6 52. Rh2 Rh5 53. Bd2 g5 54. Be1
g4 55. Qf1 Qd8 56. Qg1 Qh8 57. h4 Qh6 58. Ng3 Nxg3 59. Bxg3 Bxf4 60. Qf2 Bxg3
61. Qxg3 Qf6 62. Qc7+ Qe7 63. Qg3 Qd7 64. Qe5 b5 65. Ke3 Kg6 66. Qb8 Rh7 67.
Qg8+ Rg7 68. Qb8 Qc7 69. Qe8+ Kf6 70. Qf8+ Rf7 71. Qh8+ Ke7 72. Rg2 f4+ 73. Ke4
Qd6 74. Qe5 Qxe5+ 75. dxe5 f3 76. Rf2 Kf8 0-1

[Event "14. Off. Herner Stadtmeisterschaft 2011"]
[Site "?"]
[Date "2011.02.15"]
[Round "2.17"]
[White "Janke, Anatoli"]
[Black "Säglitz, Patrick"]
[Result "1-0"]
[WhiteElo "1802"]
[BlackElo "1382"]
[PlyCount "139"]
[EventDate "2011.??.??"]
[WhiteTeam "SK Dülmen 1952"]
[BlackTeam "SC Gerthe 46"]

1. e4 c5 2. Nc3 Nc6 3. Nf3 d6 4. d4 cxd4 5. Nxd4 Nf6 6. Bg5 e6 7. Ndb5 a6 8.
Bxf6 gxf6 9. Nd4 Qb6 10. Nb3 h5 11. h4 Ne5 12. Qd4 Qxd4 13. Nxd4 Bh6 14. Be2
Rg8 15. g3 Ng4 16. Rd1 Ke7 17. a4 Bd7 18. Bf3 Rac8 19. Ke2 Bc6 20. Bxg4 Rxg4
21. Kd3 f5 22. Nxc6+ bxc6 23. exf5 e5 24. Rhg1 Rcg8 25. b3 d5 26. Ne2 e4+ 27.
Kc3 Kd6 28. Kb2 Bg7+ 29. c3 Be5 30. Kc2 c5 31. Rd2 Rd8 32. Rgd1 Kc6 33. b4 cxb4
34. cxb4 e3 35. Nd4+ Bxd4 36. Rxd4 Rxd4 37. Rxd4 exf2 38. Rf4 f1=Q 39. Rxf1 d4
40. Kd3 Rg8 41. Rf3 Kd5 42. f6 Ke5 43. b5 axb5 44. axb5 Rc8 45. Kd2 Rb8 46. Rb3
Kxf6 47. Kd3 Ke5 48. b6 Kd5 49. Rb5+ Kc6 50. Rxh5 Kxb6 51. Kxd4 Kc6 52. Ke4 Kd6
53. Rf5 Ke6 54. Rf4 Rg8 55. g4 f6 56. Kf3 Ra8 57. Kg3 Ra1 58. Rf2 Ke5 59. h5
Rg1+ 60. Kh3 Rh1+ 61. Kg2 Ra1 62. h6 Ra7 63. Kg3 Rh7 64. Rh2 Ke6 65. Kf4 Ke7
66. Kf5 Kf7 67. Rh1 Rh8 68. h7 Kg7 69. Rh3 Kf7 70. Rb3 1-0

[Event "14. Off. Herner Stadtmeisterschaft 2011"]
[Site "?"]
[Date "2011.02.15"]
[Round "2.21"]
[White "Pohl, Martin"]
[Black "Grunwald, Günther"]
[Result "1-0"]
[WhiteElo "1700"]
[BlackElo "1695"]
[PlyCount "89"]
[EventDate "2011.??.??"]
[WhiteTeam "SV Unser Fritz W-E"]
[BlackTeam "SV SW Oberhausen"]

1. c4 e5 2. g3 c6 3. Bg2 d5 4. cxd5 cxd5 5. d3 Nf6 6. Nc3 Be6 7. Bg5 Be7 8. Nf3
Nc6 9. O-O h6 10. Bd2 O-O 11. a3 a6 12. Rc1 Qd7 13. Na4 Qd8 14. b4 e4 15. Ne1
Na7 16. Nc3 Nb5 17. Nc2 Qd7 18. dxe4 Nxc3 19. Bxc3 Nxe4 20. Bb2 Bf6 21. Bxf6
Nxf6 22. Nd4 Rac8 23. Qb3 Rxc1 24. Rxc1 Rc8 25. Rd1 Qc7 26. e4 Qc4 27. Qxc4
Rxc4 28. Nxe6 fxe6 29. exd5 exd5 30. Bxd5+ Nxd5 31. Rxd5 Rc7 32. Kg2 Kf7 33.
Kf3 Rc3+ 34. Ke4 Rxa3 35. Rd7+ Kg8 36. Rxb7 Rb3 37. f4 a5 38. b5 a4 39. Kd5 a3
40. Kc4 Rb2 41. h3 Rg2 42. Ra7 Rxg3 43. b6 Rf3 44. b7 Rxf4+ 45. Kb3 1-0

[Event "14. Off. Herner Stadtmeisterschaft 2011"]
[Site "?"]
[Date "2011.02.15"]
[Round "2.24"]
[White "Kümmel, Hans-Jürgen"]
[Black "Stenzel, Gerhard"]
[Result "0-1"]
[WhiteElo "1380"]
[BlackElo "1688"]
[PlyCount "82"]
[EventDate "2011.??.??"]
[WhiteTeam "SG Höntrop 1947"]
[BlackTeam "SV Unser Fritz W-E"]

1. c4 e5 2. Nc3 Bc5 3. Nf3 d6 4. e3 Nf6 5. Be2 h6 6. d3 a6 7. a3 Be6 8. b4 Ba7
9. Rb1 O-O 10. O-O Nc6 11. a4 Ne7 12. b5 axb5 13. axb5 Ng6 14. Bb2 c6 15. Ra1
d5 16. bxc6 bxc6 17. cxd5 cxd5 18. Ra3 Rb8 19. Qa1 Bc5 20. Ra6 Qc8 21. Rc1 Rxb2
22. Rxe6 Rxe2 23. Rxf6 Rxf2 24. Nxd5 Ra2 25. Qxa2 Bxe3+ 26. Nxe3 Qxc1+ 27. Nf1
gxf6 28. h3 Rb8 29. Qf2 Qb2 30. N3d2 Nf4 31. Qg3+ Kf8 32. Qf2 Qb6 33. Qxb6 Rxb6
34. d4 exd4 35. g3 Ne6 36. Kg2 Rb2 37. Kf2 Ng5 38. h4 Ne4+ 39. Ke2 Ke7 40. Kd3
Nxd2 41. Nxd2 Ke6 0-1

[Event "14. Off. Herner Stadtmeisterschaft 2011"]
[Site "?"]
[Date "2011.02.15"]
[Round "2.26"]
[White "Ponto, Michael"]
[Black "Deutschmann, Jürgen"]
[Result "1/2-1/2"]
[WhiteElo "1630"]
[BlackElo "1701"]
[PlyCount "80"]
[EventDate "2011.??.??"]
[WhiteTeam "SV Constantin Herne"]
[BlackTeam "SF Buer 21/74"]

1. c4 c5 2. Nc3 Nc6 3. Nf3 Nf6 4. e4 e5 5. b3 d6 6. h3 g6 7. d3 Bg7 8. Bg5 Qa5
9. Bd2 Qd8 10. Be2 O-O 11. O-O h6 12. Qc1 Nd4 13. Nxd4 cxd4 14. Nd5 Nxd5 15.
cxd5 Kh7 16. f4 f5 17. fxe5 dxe5 18. Bb4 Rf6 19. a4 a5 20. Bd2 f4 21. Qc2 Bf8
22. Rfc1 Rf7 23. Qd1 Bd6 24. Rc4 b6 25. Qe1 Ba6 26. Rc2 Rc8 27. Rac1 Rxc2 28.
Rxc2 Rc7 29. Qc1 Rxc2 30. Qxc2 Qc8 31. Qxc8 Bxc8 32. Be1 Bd7 33. Kh2 Kg7 34. g3
fxg3+ 35. Kxg3 Kf6 36. h4 Kf7 37. Bd2 Kg7 38. h5 g5 39. Bg4 Bxg4 40. Kxg4 Kf6
1/2-1/2

[Event "14. Off. Herner Stadtmeisterschaft 2011"]
[Site "?"]
[Date "2011.02.15"]
[Round "2.28"]
[White "Czarnecki, Günter"]
[Black "Przystaw, Andreas"]
[Result "0-1"]
[WhiteElo "1076"]
[BlackElo "1603"]
[PlyCount "92"]
[EventDate "2011.??.??"]
[WhiteTeam "SV Unser Fritz W-E"]
[BlackTeam "SV Constantin Herne"]

1. e4 g6 2. Bc4 Bg7 3. a3 d6 4. d3 e6 5. Nf3 Ne7 6. Nc3 Nd7 7. Bd2 Nb6 8. Ba2
Bd7 9. O-O Bc6 10. Rb1 O-O 11. Qc1 d5 12. Re1 d4 13. Ne2 e5 14. Bh6 Qd6 15.
Bxg7 Kxg7 16. Qg5 f5 17. Qh4 fxe4 18. dxe4 Rf6 19. Rbd1 Nd7 20. Kh1 Bb5 21. c4
Ba4 22. Rd2 c5 23. b3 Bc6 24. Bb1 Nf8 25. Qg5 Nd7 26. Ng3 Kh8 27. Bd3 Ng8 28.
Rde2 Rf4 29. Nh5 gxh5 30. Qxh5 Ngf6 31. Qg5 Rg8 32. Qh6 Rg6 33. Qh3 Nf8 34. Nh4
Rh6 35. g3 Rg4 36. f3 Rg8 37. Qf1 Nh5 38. Rg2 Bd7 39. g4 Nf4 40. Nf5 Bxf5 41.
exf5 Nxg2 42. Qxg2 Qf6 43. Qf2 Nd7 44. f4 Rxg4 45. fxe5 Nxe5 46. Be2 Rxh2+ 0-1

[Event "14. Off. Herner Stadtmeisterschaft 2011"]
[Site "?"]
[Date "2011.02.07"]
[Round "1.23"]
[White "Deutschmann, Jürgen"]
[Black "Maczkowiak, Thomas"]
[Result "0-1"]
[WhiteElo "1701"]
[BlackElo "1932"]
[PlyCount "50"]
[EventDate "2011.??.??"]
[WhiteTeam "SF Buer 21/74"]
[BlackTeam "SG Ennepe-Ruhr-Süd"]

1. c4 Nf6 2. Nf3 g6 3. Nc3 d5 4. cxd5 Nxd5 5. d4 Bg7 6. Rb1 Bf5 7. Ra1 O-O 8.
Nh4 e6 9. Nxf5 exf5 10. g3 Nxc3 11. bxc3 Qd5 12. f3 c5 13. Bb2 Nc6 14. e3 cxd4
15. cxd4 Rfe8 16. Kf2 Bh6 17. Bc1 Ne5 18. h3 Bg7 19. Be2 Nc4 20. Qb3 Rac8 21.
Bxc4 Rxc4 22. Bd2 Bxd4 23. Rac1 Bb6 24. Qxc4 Qxd2+ 25. Kf1 Qxe3 0-1

[Event "14. Off. Herner Stadtmeisterschaft 2011"]
[Site "?"]
[Date "2011.02.15"]
[Round "2.3"]
[White "Leveikina, Jevgenija"]
[Black "Pütter, Pascal"]
[Result "1-0"]
[WhiteElo "2100"]
[BlackElo "1971"]
[PlyCount "33"]
[EventDate "2011.??.??"]
[WhiteTeam "SK Herne-Sodingen 24"]
[BlackTeam "SV SW Oberhausen"]

1. Nf3 Nf6 2. g3 d5 3. Bg2 c6 4. O-O Bf5 5. c4 e6 6. cxd5 cxd5 7. Qb3 Qc7 8. d3
Bd6 9. Nd4 Nbd7 10. Nxf5 exf5 11. Nc3 Nc5 12. Nxd5 Nxd5 13. Qxd5 O-O 14. Qxf5
Rae8 15. Be3 g6 16. Qf3 Re7 17. Rac1 1-0

[Event "14. Off. Herner Stadtmeisterschaft 2011"]
[Site "?"]
[Date "2011.02.15"]
[Round "2.4"]
[White "Schmidt, Ralph"]
[Black "Kock, Wolfgang"]
[Result "0-1"]
[WhiteElo "1844"]
[BlackElo "2134"]
[PlyCount "58"]
[EventDate "2011.??.??"]
[WhiteTeam "SV Linden-Dahlhausen"]
[BlackTeam "SV Castrop-Rauxel 23"]

1. e4 d6 2. d4 Nf6 3. Bd3 Nbd7 4. Ne2 g6 5. O-O Bg7 6. Bg5 h6 7. Be3 O-O 8. f3
e5 9. d5 Nc5 10. Nbc3 Nxd3 11. Qxd3 a6 12. Rfd1 Nh5 13. g4 Nf6 14. Ng3 Nh7 15.
Qd2 Qh4 16. Nh1 f5 17. gxf5 gxf5 18. exf5 Bxf5 19. Ng3 Bh3 20. Qe2 Rf7 21. Bf2
Qf6 22. Rd3 Raf8 23. Nce4 Qg6 24. Kh1 Ng5 25. Nxg5 hxg5 26. Qe4 Qxe4 27. Nxe4
Rxf3 28. Rxf3 Rxf3 29. Rg1 Bf5 0-1

[Event "14. Off. Herner Stadtmeisterschaft 2011"]
[Site "?"]
[Date "2011.02.15"]
[Round "2.7"]
[White "Maczkowiak, Thomas"]
[Black "Brinkmann, Uwe"]
[Result "1/2-1/2"]
[WhiteElo "1932"]
[BlackElo "1950"]
[PlyCount "29"]
[EventDate "2011.??.??"]
[WhiteTeam "SG Ennepe-Ruhr-Süd"]
[BlackTeam "SV Günnigfeld 1922"]

1. Nf3 Nf6 2. g3 g6 3. Bg2 Bg7 4. O-O O-O 5. c4 c6 6. Nc3 d5 7. cxd5 cxd5 8. d4
Nc6 9. Qb3 Na5 10. Qd1 Bf5 11. Ne5 Rc8 12. f3 Nc4 13. Qb3 Na5 14. Qd1 Nc4 15.
Qb3 1/2-1/2

[Event "14. Off. Herner Stadtmeisterschaft 2011"]
[Site "?"]
[Date "2011.02.15"]
[Round "2.8"]
[White "Wickenfeld, Stefan"]
[Black "Wenzel, Martin"]
[Result "1-0"]
[WhiteElo "1987"]
[BlackElo "1891"]
[PlyCount "61"]
[EventDate "2011.??.??"]
[WhiteTeam "SK Herne-Sodingen 24"]
[BlackTeam "SF Buer 21/74"]

1. e4 c6 2. d4 d5 3. Nc3 dxe4 4. Nxe4 Bf5 5. Nc5 Nd7 6. Nb3 e6 7. Bf4 Ngf6 8.
Nf3 Nd5 9. Bd2 Nb4 10. Bxb4 Bxb4+ 11. c3 Bd6 12. h3 e5 13. Be2 e4 14. Nfd2 Qh4
15. Nc4 Bc7 16. d5 Rd8 17. Ne3 Bg6 18. dxc6 Ne5 19. Nd4 bxc6 20. Qa4 O-O 21.
Nxc6 Nd3+ 22. Bxd3 Rxd3 23. Qxa7 Bf4 24. O-O Bxe3 25. Ne7+ Kh8 26. Nxg6+ hxg6
27. fxe3 Rd2 28. Rxf7 Rxf7 29. Qxf7 Qg5 30. Qe8+ Kh7 31. Qxe4 1-0

[Event "14. Off. Herner Stadtmeisterschaft 2011"]
[Site "?"]
[Date "2011.02.15"]
[Round "2.9"]
[White "Nebel, Uwe"]
[Black "Kolakovic, Klaudio"]
[Result "0-1"]
[WhiteElo "2016"]
[BlackElo "2044"]
[PlyCount "46"]
[EventDate "2011.??.??"]
[WhiteTeam "SG Drewer 54"]
[BlackTeam "Südlohner SV 1956"]

1. e4 Nc6 2. Nf3 f5 3. exf5 d5 4. d4 Bxf5 5. Bd3 e6 6. Bxf5 exf5 7. O-O Nf6 8.
Re1+ Be7 9. Ng5 Qd7 10. Ne6 Kf7 11. Ng5+ Kg8 12. c3 h6 13. Nf3 Bd6 14. Ne5 Bxe5
15. dxe5 Ne4 16. f3 Nc5 17. Nd2 Nd3 18. e6 Qd6 19. Re3 Nf4 20. Qc2 Rf8 21. b3
Nxe6 22. Ba3 Qxa3 23. Rxe6 Qc5+ 0-1

[Event "14. Off. Herner Stadtmeisterschaft 2011"]
[Site "?"]
[Date "2011.02.15"]
[Round "2.10"]
[White "Fischöder, Heiko"]
[Black "Barth, Hans-Joachim"]
[Result "1-0"]
[WhiteElo "1989"]
[BlackElo "1736"]
[PlyCount "47"]
[EventDate "2011.??.??"]
[WhiteTeam "SV Unser Fritz W-E"]
[BlackTeam "SC Dolce Vita 93"]

1. d4 c5 2. c4 g6 3. d5 Bg7 4. Nc3 Bxc3+ 5. bxc3 f5 6. f3 Qa5 7. Qb3 Nf6 8. Bh6
Rg8 9. h4 d6 10. Nh3 Nbd7 11. Nf4 Nb6 12. e3 Bd7 13. Be2 Kf7 14. Qc2 Qa4 15.
Qd3 Qa3 16. O-O Qa6 17. e4 fxe4 18. fxe4 Ke8 19. Ne6 Rc8 20. a4 Na8 21. Rxf6
Bxe6 22. Rxe6 Nc7 23. Bg4 Rd8 24. Qf3 1-0

[Event "14. Off. Herner Stadtmeisterschaft 2011"]
[Site "?"]
[Date "2011.02.15"]
[Round "2.12"]
[White "Madeya, Jürgen"]
[Black "Gorzinski, Dariusz"]
[Result "0-1"]
[WhiteElo "1532"]
[BlackElo "1911"]
[PlyCount "58"]
[EventDate "2011.??.??"]
[WhiteTeam "SV Horst-Emscher 31"]
[BlackTeam "SC Schalksmühle"]

1. e4 c6 2. d4 d5 3. exd5 cxd5 4. Bd3 Nc6 5. Nf3 Bg4 6. c3 e6 7. h3 Bh5 8. Bf4
Bd6 9. Bxd6 Qxd6 10. Nbd2 Nf6 11. O-O Rc8 12. Qa4 O-O 13. Rfe1 Nd7 14. Rac1 Bg6
15. Bxg6 hxg6 16. Qd1 b5 17. a3 a5 18. Nb1 Rc7 19. Qd2 Rfc8 20. Re2 b4 21. axb4
axb4 22. Qd3 Nb6 23. Nfd2 Qf4 24. Qe3 Nxd4 25. Ree1 Qxe3 26. Rxe3 Na4 27. Nf3
Nxf3+ 28. Rxf3 Nxb2 29. Rc2 Na4 0-1

[Event "14. Off. Herner Stadtmeisterschaft 2011"]
[Site "?"]
[Date "2011.02.15"]
[Round "2.13"]
[White "Göldenboog, Jürgen"]
[Black "Burosch, Raimund"]
[Result "1-0"]
[WhiteElo "1990"]
[BlackElo "1254"]
[PlyCount "53"]
[EventDate "2011.??.??"]
[WhiteTeam "SV Horst-Emscher 31"]
[BlackTeam "SV Unna 1924"]

1. d4 Nf6 2. c4 g6 3. Nc3 Bg7 4. e4 d6 5. f4 c5 6. d5 O-O 7. Be2 Nbd7 8. Nf3
Re8 9. O-O Nb6 10. h3 a6 11. a4 Nh5 12. Kh2 f5 13. Ng5 Nf6 14. e5 dxe5 15. fxe5
Ne4 16. Ncxe4 fxe4 17. Nf7 Qc7 18. Bf4 e6 19. Nd6 Rf8 20. Bg3 Rxf1 21. Qxf1
exd5 22. a5 Nxc4 23. Bxc4 dxc4 24. Qxc4+ Kf8 25. Rf1+ Bf5 26. Nxf5 Bxe5 27.
Nh6+ 1-0

[Event "14. Off. Herner Stadtmeisterschaft 2011"]
[Site "?"]
[Date "2011.02.15"]
[Round "2.15"]
[White "Stratmann, Lars"]
[Black "Funke, Eckhard"]
[Result "0-1"]
[WhiteElo "1385"]
[BlackElo "1923"]
[PlyCount "40"]
[EventDate "2011.??.??"]
[WhiteTeam "SV SW Oberhausen"]
[BlackTeam "SG Höntrop 1947"]

1. c4 Nf6 2. Nc3 c5 3. g3 g6 4. d3 Bg7 5. Bg2 Nc6 6. Nf3 O-O 7. O-O Rb8 8. Rb1
a6 9. a4 b6 10. Bd2 Bb7 11. Qc1 Nd4 12. Nxd4 cxd4 13. Na2 Bxg2 14. Kxg2 Rc8 15.
Qd1 d5 16. b3 Qd7 17. Rc1 dxc4 18. bxc4 b5 19. axb5 axb5 20. c5 Qd5+ 0-1

[Event "14. Off. Herner Stadtmeisterschaft 2011"]
[Site "?"]
[Date "2011.02.15"]
[Round "2.16"]
[White "Kowalczyk, Frank"]
[Black "Wimber, Hartmut"]
[Result "1/2-1/2"]
[WhiteElo "1796"]
[BlackElo "1889"]
[PlyCount "38"]
[EventDate "2011.??.??"]
[WhiteTeam "SK Herne-Sodingen 24"]
[BlackTeam "SV Recklinghausen-Süd"]

1. c4 Nf6 2. b3 c5 3. Bb2 Nc6 4. g3 e6 5. Bg2 d5 6. e3 Be7 7. Ne2 O-O 8. O-O
dxc4 9. bxc4 Qd3 10. Na3 e5 11. Nc1 Qg6 12. d3 Qh6 13. Nc2 Bh3 14. f3 Rad8 15.
Qe2 Rd7 16. Bc3 Rfd8 17. Rb1 Be6 18. a3 Ne8 19. f4 exf4 1/2-1/2

[Event "14. Off. Herner Stadtmeisterschaft 2011"]
[Site "?"]
[Date "2011.02.15"]
[Round "2.18"]
[White "Tenhagen, Hermann"]
[Black "Josten, Severin Johannes"]
[Result "0-1"]
[WhiteElo "1538"]
[BlackElo "1813"]
[PlyCount "62"]
[EventDate "2011.??.??"]
[WhiteTeam "Südlohner SV"]
[BlackTeam "SV SW Oberhausen"]

1. e4 d6 2. d4 Nf6 3. Bd3 g6 4. f3 Bg7 5. Be3 Nc6 6. c3 e5 7. Ne2 O-O 8. Qd2 d5
9. Bh6 exd4 10. Bxg7 Kxg7 11. exd5 Qxd5 12. cxd4 Nxd4 13. Nbc3 Qe6 14. O-O
Nxe2+ 15. Bxe2 Qb6+ 16. Kh1 Bf5 17. b3 Kg8 18. Rac1 Rfd8 19. Qb2 Ne8 20. Bc4 c6
21. Rfe1 Bd3 22. Ne4 Bxc4 23. Rxc4 Rd5 24. Nc3 Rd6 25. Rce4 Nf6 26. Re7 Rad8
27. Na4 Qa5 28. Qc2 Rd2 29. Qc4 Nd5 30. Rxb7 Rc2 31. Qe4 Qd2 0-1

[Event "14. Off. Herner Stadtmeisterschaft 2011"]
[Site "?"]
[Date "2011.02.15"]
[Round "2.19"]
[White "Gallert, Heinz-Peter"]
[Black "Pohl, Markus"]
[Result "1/2-1/2"]
[WhiteElo "1736"]
[BlackElo "1521"]
[PlyCount "58"]
[EventDate "2011.??.??"]
[WhiteTeam "SV Günnigfeld 1922"]
[BlackTeam "SV Unser Fritz W-E"]

1. e4 b6 2. Ne2 e6 3. d4 Bb7 4. Ng3 c5 5. c3 Nc6 6. Bf4 cxd4 7. cxd4 Qh4 8. Be3
Nf6 9. f3 Bd6 10. Bf2 Nh5 11. Ne2 Bb4+ 12. Nbc3 Qg5 13. Qc1 Qa5 14. a3 Bxc3+
15. Qxc3 Ba6 16. b4 Qg5 17. Be3 Qe7 18. Qb2 Bc4 19. Rc1 d5 20. e5 g6 21. Rxc4
dxc4 22. g4 Ng7 23. Nc3 f5 24. g5 Rd8 25. Nb5 O-O 26. f4 a6 27. Bg2 Nxb4 28.
axb4 axb5 29. Kd2 Ne8 1/2-1/2

[Event "14. Off. Herner Stadtmeisterschaft 2011"]
[Site "?"]
[Date "2011.02.15"]
[Round "2.22"]
[White "Rubbert, Horst"]
[Black "Wiesemann, Peter"]
[Result "0-1"]
[WhiteElo "1485"]
[BlackElo "1697"]
[PlyCount "50"]
[EventDate "2011.??.??"]
[WhiteTeam "SK Herne-Sodingen 24"]
[BlackTeam "Elberfelder SG"]

1. e4 g6 2. d4 Bg7 3. Nf3 d6 4. Nc3 Nf6 5. h3 Nbd7 6. Be3 O-O 7. Bc4 c6 8. Bb3
b5 9. Nd2 a5 10. a3 Ba6 11. Ne2 c5 12. dxc5 Nxc5 13. f3 Qc7 14. O-O Rac8 15.
Rc1 Rfd8 16. Re1 d5 17. exd5 Nxd5 18. Bd4 Bh6 19. Nc3 Nxb3 20. cxb3 Qf4 21.
Nce4 f5 22. g3 Qb8 23. Rxc8 Bxc8 24. Nf2 Qxg3+ 25. Kh1 Bf4 0-1

[Event "14. Off. Herner Stadtmeisterschaft 2011"]
[Site "?"]
[Date "2011.02.15"]
[Round "2.23"]
[White "Böcker, Jürgen"]
[Black "Engwald, Siegfried"]
[Result "1-0"]
[WhiteElo "1690"]
[BlackElo "1443"]
[PlyCount "83"]
[EventDate "2011.??.??"]
[WhiteTeam "Velberter SG"]
[BlackTeam "SK Ickern 60"]

1. e4 e5 2. Nf3 Nf6 3. Nxe5 d6 4. Nf3 Nxe4 5. Nc3 Nxc3 6. dxc3 Be7 7. Be3 O-O
8. Qd2 Nc6 9. O-O-O Be6 10. Kb1 Qd7 11. h4 Rad8 12. h5 Bg4 13. h6 g6 14. Bb5 a6
15. Bxc6 bxc6 16. Qd4 f6 17. Rh4 Bxf3 18. gxf3 Qe6 19. Re4 Qf7 20. Bc1 f5 21.
Rxe7 Qxe7 22. Bg5 Qf7 23. Bxd8 Rxd8 24. Re1 c5 25. Qh4 Rd7 26. f4 Kf8 27. Kc1
Re7 28. Rxe7 Qxe7 29. Qxe7+ Kxe7 30. b4 c4 31. a4 c6 32. Kd2 Kf7 33. Ke3 g5 34.
Kd4 gxf4 35. Kxc4 Kg6 36. Kd4 Kxh6 37. c4 Kg6 38. b5 c5+ 39. Kd5 h5 40. bxa6 h4
41. a7 h3 42. a8=Q 1-0

[Event "14. Off. Herner Stadtmeisterschaft 2011"]
[Site "?"]
[Date "2011.02.15"]
[Round "2.27"]
[White "Quäschling, Udo"]
[Black "Binias, Siegfried"]
[Result "1-0"]
[WhiteElo "1787"]
[BlackElo "1838"]
[PlyCount "121"]
[EventDate "2011.??.??"]
[WhiteTeam "SV Constantin Herne"]
[BlackTeam "SF Buer 21/74"]

1. e4 d5 2. exd5 Qxd5 3. Nc3 Qd6 4. Nf3 a6 5. d4 Nf6 6. h3 Nbd7 7. Bc4 b5 8.
Bb3 e6 9. O-O Bb7 10. Re1 Be7 11. Qd2 Rd8 12. Qf4 O-O 13. Ne5 Nd5 14. Nxd5 Bxd5
15. Bxd5 Qxd5 16. c3 Bd6 17. Qe4 Qxe4 18. Rxe4 Nxe5 19. dxe5 Bc5 20. Be3 Bxe3
21. Rxe3 Rd2 22. b4 Rfd8 23. Ree1 R2d3 24. Rec1 Kf8 25. Kf1 Ke7 26. Ke2 Rd2+
27. Ke1 f6 28. exf6+ gxf6 29. Rd1 Rxd1+ 30. Rxd1 Rxd1+ 31. Kxd1 Kd6 32. Kd2 Kd5
33. Kd3 h5 34. g4 hxg4 35. hxg4 e5 36. f3 c6 37. a3 c5 38. bxc5 Kxc5 39. Ke4
Kd6 40. Kf5 Ke7 41. g5 fxg5 42. Kxe5 a5 43. Kf5 Kd6 44. Kxg5 Kd5 45. f4 Kc4 46.
f5 Kxc3 47. f6 Kb3 48. f7 Kxa3 49. f8=Q+ b4 50. Qf3+ b3 51. Qc3 a4 52. Kf5 Ka2
53. Qd2+ b2 54. Qc2 a3 55. Ke5 Ka1 56. Qc3 a2 57. Kd5 Kb1 58. Qe1+ Kc2 59. Qe2+
Kb3 60. Qc4+ Ka3 61. Qc3+ 1-0

[Event "14. Off. Herner Stadtmeisterschaft 2011"]
[Site "?"]
[Date "2011.02.15"]
[Round "2.30"]
[White "Remshagen, Peter"]
[Black "Sudrawitz, Günter"]
[Result "1-0"]
[WhiteElo "1552"]
[BlackElo "1307"]
[PlyCount "87"]
[EventDate "2011.??.??"]
[WhiteTeam "SG Höntrop 1947"]
[BlackTeam "SV Constantin Herne"]

1. c4 e5 2. Nc3 Nc6 3. g3 d6 4. Bg2 Nf6 5. e3 Be7 6. Nge2 O-O 7. O-O Bd7 8. d4
exd4 9. exd4 Rb8 10. a3 a6 11. b4 Na7 12. Be3 h6 13. d5 b6 14. Qc2 Qc8 15. Nf4
Nh7 16. h4 Bf5 17. Qd2 g5 18. hxg5 hxg5 19. Nfe2 f6 20. Kh2 Kf7 21. Nd4 Bd7 22.
f3 Rh8 23. Kg1 Nf8 24. Kf2 Ng6 25. Rh1 Bh3 26. Bxh3 Rxh3 27. Ne6 Qh8 28. Kg2
Rh7 29. Rxh7+ Qxh7 30. Rh1 Qg8 31. Qc2 Rc8 32. Qf5 Ke8 33. Ne4 c5 34. bxc5 bxc5
35. Nxf6+ Bxf6 36. Qxf6 Qf7 37. Qxf7+ Kxf7 38. Rh7+ Kf6 39. Rxa7 Rb8 40. Bxg5+
Ke5 41. Rf7 Rb2+ 42. Kh3 Rc2 43. Bf4+ Nxf4+ 44. gxf4# 1-0

[Event "14. Off. Herner Stadtmeisterschaft 2011"]
[Site "?"]
[Date "2011.02.22"]
[Round "3.5"]
[White "Kolakovic, Klaudio"]
[Black "Göldenboog, Jürgen"]
[Result "1-0"]
[WhiteElo "2044"]
[BlackElo "1990"]
[PlyCount "53"]
[EventDate "2011.??.??"]
[WhiteTeam "Südlohner SV 1956"]
[BlackTeam "SV Horst-Emscher 31"]

1. c4 Nf6 2. Nc3 g6 3. e4 d6 4. d4 c5 5. d5 Bg7 6. f3 e6 7. dxe6 fxe6 8. Bf4 e5
9. Be3 Nc6 10. Qd2 O-O 11. O-O-O Nd4 12. Kb1 Be6 13. h4 Qa5 14. Nh3 Nh5 15. Ng5
Ng3 16. Nxe6 Nxh1 17. Nxf8 Rxf8 18. Qe1 b5 19. cxb5 Qb4 20. Bd3 Nxf3 {
Verzweiflung} 21. gxf3 Rxf3 22. Qe2 Rh3 23. a3 Qa5 24. Bc4+ Kh8 25. Qg4 Rxe3
26. Qc8+ Bf8 27. Qxf8# 1-0